000 00499nam a22001937a 4500
003 NUST - PNEC
005 20170116180819.0
008 150615b xxu||||| |||| 00| 0 eng d
020 _a0534142869
040 _cLIBRARY
082 _a510 FRI
100 _93942
_aFrisk, Peter D.
245 _aFunctions and graphs
_cPeter D. Frisk
250 _a2nd ed
260 _aUSA
_bBooks/Cole Publishing Company
_cc1991.
300 _a559 p. :
650 _93946
_aMathematics
_xGeneral
942 _2ddc
_cBK
999 _c63653
_d63653